000 01369cam a22001934a 4500
005 20250605163324.0
008 250528s ||||||||||||||||||||||||d
035 _a16843
020 _a9603152250
040 _aGR-AtMCL
_bgre
_dGR-AtMCL
_eAACR2
245 1 _aOrthodox Church History / Teacher's Manual
250 _a2nd
260 _bApostoliki Diakonia of The Orthodox Church of Gree,
_c2002
300 _a208
520 _aThe Ancient World, The Israelites and the Chosen People of God, The Fulness of Time, The Church is Established, The Holy Apostles, Christianity Speads to the World, St. Paul's Missionary Journeys, The Church Develops, Christianity Spreads in Spite of Conflicts, Apostolic Fathers of the Church, The Persecutions (External Conflicts), The Church Grew and Expanded, The Triumh of the Church, The Creed of Faith, Development of the Orthodox Monasticism, Christianity Spreads to the Slavic Nations, The Separation of East and West, The Great Schism, Other Differences Between the Churches, Period of Crusades, The Orthodox Church and Scholasticism, Pillars of Orthodoxy: Monasticism and St. Gregory Palamas, Protestand Reformation, The Reformation Continues, English Reformation, General Conclusion on Protestantism, The Byzantine Empire Collapsed but Orthodoxy Prevailed, Appendix.
942 _cBK
999 _c2297
_d2297